header

Irish myth, lore and legend on film (Record no. 61785)

MARC details
000 -LEADER
fixed length control field 01260nam a2200337 a 4500
100 1# - MAIN ENTRY--AUTHOR NAME
Personal name Duncan, Dawn.
245 10 - TITLE STATEMENT
Title Irish myth, lore and legend on film
260 ## - PUBLICATION, DISTRIBUTION, ETC. (IMPRINT)
Place of publication New York :
Name of publisher Peter Lang,
Year of publication 2013.
300 ## - PHYSICAL DESCRIPTION
Number of Pages x, 171 p.
490 1# - SERIES STATEMENT
Series statement Reimagining Ireland,
650 #0 - SUBJECT ADDED ENTRY--TOPICAL TERM
Topical Term Folklore
856 40 - ELECTRONIC LOCATION AND ACCESS
Uniform Resource Identifier http://site.ebrary.com/lib/rucke/Doc?id=10670720

No items available.

© 2026 Rongo University
Contact us: librarian | system librarian | Rongo university